Century 21 : computer skills and applications (Record no. 78128)
[ view plain ]
| 000 -LEADER | |
|---|---|
| fixed length control field | 00910nam a2200205 a 4500 |
| 008 - FIXED-LENGTH DATA ELEMENTS--GENERAL INFORMATION | |
| fixed length control field | 210210s2015 ||||||||||||||||| || u |
| 020 ## - INTERNATIONAL STANDARD BOOK NUMBER | |
| International Standard Book Number | 9781111571757 |
| 050 ## - LIBRARY OF CONGRESS CALL NUMBER | |
| Classification number | QA 76.9 Hog |
| 100 ## - MAIN ENTRY--PERSONAL NAME | |
| Personal name | Smith, James R |
| 245 10 - TITLE STATEMENT | |
| Title | Century 21 : computer skills and applications |
| Statement of responsibility, etc. | By Jack P. Hoggatt; Jon A. Shank; James R. Smith |
| 260 ## - PUBLICATION, DISTRIBUTION, ETC. | |
| Place of publication, distribution, etc. | Stamford |
| Name of publisher, distributor, etc. | South-Western Cengage Learning |
| Date of publication, distribution, etc. | 2015 |
| 300 ## - PHYSICAL DESCRIPTION | |
| Extent | xv, 203 pages : illustrations |
| 650 ## - SUBJECT ADDED ENTRY--TOPICAL TERM | |
| Topical term or geographic name entry element | WORD PROCESSING |
| 650 ## - SUBJECT ADDED ENTRY--TOPICAL TERM | |
| Topical term or geographic name entry element | END-USER COMPUTING |
| 650 ## - SUBJECT ADDED ENTRY--TOPICAL TERM | |
| Topical term or geographic name entry element | KEYBOARDING |
| 700 ## - ADDED ENTRY--PERSONAL NAME | |
| Personal name | Hoggatt, Jack P |
| 700 ## - ADDED ENTRY--PERSONAL NAME | |
| Personal name | Shank, Jon A |
| 995 ## - | |
| -- | MAIN LIBRARY OPEN ACCESS |
| -- | 64.07 |
| -- | 750746 |
| -- | CBU-MAIN LIBRARY (Kitwe) |
| -- | QA 76.9 Hog |
| -- | 2 |
| -- | AVAILABLE |
| -- | Feb 15, 2021 |
| -- | 750746 |
| -- | Main Library Open Access Collection |
| 995 ## - | |
| -- | MAIN LIBRARY OPEN ACCESS |
| -- | 64.07 |
| -- | 750745 |
| -- | CBU-MAIN LIBRARY (Kitwe) |
| -- | QA 76.9 Hog |
| -- | 1 |
| -- | AVAILABLE |
| -- | Feb 15, 2021 |
| -- | 750745 |
| -- | Main Library Open Access Collection |
| 999 ## - | |
| -- | 78128 |
| -- | 78128 |
| Withdrawn status | Lost status | Source of classification or shelving scheme | Damaged status | Not for loan | Permanent Location | Current Location | Shelving location | Date acquired | Total Checkouts | Full call number | Barcode | Date last seen | Copy number | Price effective from | Koha item type |
|---|---|---|---|---|---|---|---|---|---|---|---|---|---|---|---|
| CBU-MAIN LIBRARY, KITWE. | CBU-MAIN LIBRARY, KITWE. | 05/03/2023 | QA 76.9 Hog | 750746 | 05/03/2023 | 1 | 05/03/2023 | MONOGRAPH | |||||||
| CBU-MAIN LIBRARY, KITWE. | CBU-MAIN LIBRARY, KITWE. | 05/03/2023 | QA 76.9 Hog | 750745 | 05/03/2023 | 2 | 05/03/2023 | MONOGRAPH |